Medium Geography Knowledge Quiz - Statistics

General Stats
  • This quiz has been taken 82 times
    66 since last reset
  • The average score is 14 of 15
Answer Stats
Hint Answer % Correct
In which continent is The Maldives? Asia
100%
In which country is most of the Amazon rainforest located? Brazil
100%
What is the largest island country by area in Africa? Madagascar
100%
In which city is the Vatican City located? Rome
100%
In which continent is the Nile river? Africa
98%
Which country does Puerto Rico belong to? United States
98%
What sea does Cyprus sit in? Mediterranean Sea
96%
What is the capital of Canada? Ottawa
96%
What is the only country that borders Lesotho? South Africa
96%
What is the capital of Australia? Canberra
95%
What is the capital of Turkey? Ankara
93%
Which city is located both in Asia and Europe? Istanbul
93%
Which country looks like a long thin strip? Chile
89%
What is the only country that borders The Gambia? Senegal
88%
Which country has the most time zones? France
74%
No matching quizzes found
Score Distribution
Percent of People with Each Score
Percentile by Number Answered
Your Score History
You have not taken this quiz since the last reset